• 首页
  • 本馆介绍
  • 公告通知
  • 最新文献
  • 馆藏检索
  • 电子资源
  • 读者导购
  • 参考咨询
  • 我的图书馆
  • 登录
  • 详细信息显示
  • 放入我的书架
  • 预约/预借图书
  • 作者相关作品
  • 分类相关作品
  • 丛书相关作品
  • 出版社相关作品

书目信息

  • 表格格式
  • 工作单格式
  • 卡片格式
题名:
顶级教练教你打网球
    
 
作者: 塞德泽克 著 ;黄瑾 译
分册:  
出版信息: 南京   江苏科学技术出版社  2003
页数: 127页
开本: 19cm
丛书名: 运动系列
单 册:
中图分类: G845.19
科图分类:
主题词: 网球运动--基本知识--基本技巧
电子资源:
ISBN: 7-5345-3784-3
000 00868oam2 2200253 45
001 002330523
005 20050225080536.6
010    @a7-5345-3784-3@dCNY30.00
100    @a20030616d2003 em y0chiy50 ea
101 1  @achi@ceng
102    @aCN@b320000
105    @aa z 000yy
200 1  @a顶级教练教你打网球@Ading ji jiao lian jiao ni da wang qiu@f(美)汤姆·塞德泽克著@F(Mei)Tang Mu·Sai De Ze Ke Zhu@g黄瑾译
210    @a南京@c江苏科学技术出版社@d2003
215    @a127页@c图@d19cm
225 2  @a运动系列
330    @a本书介绍了打网球的技巧。其内容涉及击球技巧;击准训练;配合训练;战术训练;心理训练;步法等。并且附有插图供参考。
410    @12001 @a运动系列
606 0  @a网球运动@x基本知识@x基本技巧
690    @aG845.19@v4
701  0 @a塞德泽克@4著
702  0 @a黄瑾@Ahuang jin@4译
801  0 @aCN@bNLC@c20030916
905    @b342564-566@dG845.19@e190@f3
    
    顶级教练教你打网球/(美)汤姆·塞德泽克著/黄瑾译.-南京:江苏科学技术出版社,2003
    127页:图;19cm.-(运动系列)
    
    
    ISBN 7-5345-3784-3:CNY30.00
    本书介绍了打网球的技巧。其内容涉及击球技巧;击准训练;配合训练;战术训练;心理训练;步法等。并且附有插图供参考。
●
相关链接 在E读中查询图书 在五车中查询图书 在当当中查询图书 在豆瓣中查询图书


正题名:顶级教练教你打网球     索取号:G845.19/190         预约/预借

序号 登录号 条形码 馆藏地/架位号 状态 备注
1 0342564   203425640   第一样本阅览室/ [索取号:G845.19/190] 在馆    
2 0342565   203425659   第四借阅区/ [索取号:G845.19/190] 在馆    
3 0342566   203425668   第四借阅区/ [索取号:G845.19/190] 在馆    
唐山师范学院图书馆 欢迎您!
大连网信软件有限公司© 版权所有